MDQL
is popping MORE tags! Check the
thread
!
Quizzes
Events
Quiz Creation
Community
Videos
Private Events
Remove Ads
Sign In
Join for FREE
Feedback
Dark Mode
Quiz Categories
Sports
Geography
Music
Movies
Television
Just For Fun
Miscellaneous
History
Literature
Language
Science
Gaming
Entertainment
Religion
Holiday
For Kids
Quiz Lab
Recent
Popular Today
Quiz Kudos Today
Editor Picks
Curator Picks
Quizzes by...
Day
Popularity
Type
Ratings
Length
Year
Community
Subscriptions
Recent Discussions
Orange Saloon
Badges
Playlists
Quests
Create
Leaderboards
Showdown
Live 5
Trivia Bingo
Activity
Puzzle Library
Sporcle Events
Private Events
Virtual Trivia
Globe League
Become a Host
Pub Owners
SporcleCon
Opinionation
Our Games
Videos
Blog
Mobile Apps
Partnerships
Remove Ads and Go Orange
Feedback
Geography
Country
Landmarks
City
State
Population
World
Capital
Continent
Flags
Europe
Africa
Asia
South America
North America
Oceania
Border
Canada
United Kingdom
Topography
United States
Geography
Country
Landmarks
City
State
Population
World
Capital
Continent
Flags
Europe
Africa
Asia
South America
North America
Oceania
Border
Canada
United Kingdom
Topography
United States
Random Quiz
Search Sporcle
×
Quiz Lab
Quiz Lab
Geography
Country
Type in answers that appear in a list
Type in answers that appear in a list
Classic
Best Score? Go Orange.
Life Expectancy age 50.01-75.00 Stats
Can you name the countries whose life expectancey is age 50.01-75.00?
By
kellkris
15m
118 Questions
29 Plays
29 Plays
29 Plays
Comments
Comments
Give Quiz Kudos
Give Quiz Kudos
-
- Ratings
hide this ad
Replay
Link that replays current quiz
Next Quiz
Link to next quiz in quiz playlist
You Got
0%
They Got
Avg Score
69%
Avg Friend Score
Upgrade to see
Score Distribution
Jump to the score distribution portion of the page
Score
0/118
Timer
15:00
0
Plays Today
% Correct
India
89.7%
Iraq
89.7%
Russia
89.7%
Iran
86.2%
North Korea
86.2%
Pakistan
86.2%
China
82.8%
Indonesia
82.8%
Niger
82.8%
Somalia
82.8%
Uganda
82.8%
Equatorial Guinea
79.3%
Honduras
79.3%
Saudi Arabia
79.3%
Sierra Leone
79.3%
Turkey
79.3%
Algeria
75.9%
Bolivia
75.9%
Brazil
75.9%
El Salvador
75.9%
Estonia
75.9%
Ethiopia
75.9%
Latvia
75.9%
Peru
75.9%
Romania
75.9%
Rwanda
75.9%
Sudan
75.9%
Timor-Leste
75.9%
Ukraine
75.9%
Uzbekistan
75.9%
Vietnam
75.9%
Yemen
75.9%
Belize
72.4%
Cambodia
72.4%
Central African Republic
72.4%
Cote d'Ivoire
72.4%
Democratic Republic of the Congo
72.4%
Egypt
72.4%
Eritrea
72.4%
Guatemala
72.4%
% Correct
Guinea
72.4%
Haiti
72.4%
Jamaica
72.4%
Kazakhstan
72.4%
Kenya
72.4%
Laos
72.4%
Madagascar
72.4%
Oman
72.4%
Papua New Guinea
72.4%
Thailand
72.4%
Trinidad and Tobago
72.4%
Venezuela
72.4%
Armenia
69%
Azerbaijan
69%
Bahamas
69%
Bangladesh
69%
Belarus
69%
Botswana
69%
Bulgaria
69%
Cameroon
69%
Colombia
69%
Gabon
69%
Guyana
69%
Liberia
69%
Malawi
69%
Mauritania
69%
Nicaragua
69%
Seychelles
69%
Syria
69%
Tajikistan
69%
Togo
69%
Zambia
69%
Gambia
65.5%
Ghana
65.5%
Hungary
65.5%
Kiribati
65.5%
Lesotho
65.5%
Malaysia
65.5%
Mali
65.5%
Mongolia
65.5%
% Correct
Montenegro
65.5%
Republic of the Congo
65.5%
Samoa
65.5%
Sao Tome and Principe
65.5%
Senegal
65.5%
Tuvalu
65.5%
Vanuatu
65.5%
Bhutan
62.1%
Djibouti
62.1%
Fiji
62.1%
Kyrgyzstan
62.1%
Myanmar
62.1%
Nepal
62.1%
Palau
62.1%
Philippines
62.1%
Suriname
62.1%
Tanzania
62.1%
Turkmenistan
62.1%
Comoros
58.6%
Marshall Islands
58.6%
Micronesia
58.6%
Moldova
58.6%
Mozambique
58.6%
Namibia
58.6%
Saint Kitts and Nevis
58.6%
Serbia
58.6%
Barbados
55.2%
Benin
55.2%
Burundi
55.2%
Kosovo
55.2%
Maldives
55.2%
Mauritius
55.2%
Nauru
55.2%
Saint Vincent and the Grenadines
55.2%
Solomon Islands
55.2%
Burkina Faso
51.7%
Cape Verde
48.3%
Grenada
48.3%
Quiz Playlist
Details
Report
Send in Message
Add To Playlist
Classic:
Type in answers that appear in a list
Quiz Source
Last Updated: Feb 16, 2017
Quiz Scoreboard
CHALLENGE
Sign Up to Join the Scoreboard
Show All
Scores
Hide
Comments
May contain spoilers
Recently Published
Two Season TV Shows II
by 123Four
Television
10m
Image Sorting: Flags VI
by Barbecue
Geography
2m
Find the 'City' Movie
by crazypaving
Movies
60s
More to Explore
Quiz From the Vault
Featured Blog Post
14 Easter Pick-up Lines to Find Eggs With
hide this ad
You Might Also Like...
Tags
Country Quiz
Age
life
Life Expectancy
Today's Top Quizzes in Geography
Browse Geography
hide this ad
Today's Top Quizzes in Country
Browse Country
Top Contributed Quizzes in Geography
1
Colored Red Europe Blitz I
2
Countries of the World - No Outlines Minefield
3
Colored Red Africa Blitz II
4
Colored Red Europe Blitz II
5
Colored Red Europe Blitz III
6
Colored Red Africa Blitz III
7
Colored Red States Blitz I
8
Colored Red States Blitz II
9
Colored Red States Blitz III
10
A Different View: World Oceans
Explore More
Trending Topics
NBA
Kpop
Disney
Anime
Harry Potter
Crossword
Marvel
Puzzle
Country
Soccer
Song
Pokémon
The Office
NFL
WWE
hide this ad
More By:
kellkris
Quiz
Plays
Rating
Category
Featured
Created
Six Million Dollar Man Intro
8,859
4.47
Television
Jul 17, 2012
Word Ladder: Three Letter Biblical Names
4,605
4.58
Just For Fun
Jul 23, 2023
Word Ladder: Red Sox Manager
4,568
4.32
Just For Fun
Nov 13, 2021
Word Ladder: Cabaret's Emcee
4,425
4.27
Just For Fun
Nov 2, 2021
Missing Word: A-Z Names by Definition
3,463
4.67
Just For Fun
Feb 8, 2023
Go to Creator's Profile
Score Distribution
Quiz Creator Spotlight
kellkris
Follow
Send a Message
Quizzes Created
-
Created Quiz Play Count
-
More By This Creator
Popular Quizzes Today
1
Find the US States - No Outlines Minefield
2
Colored Red Africa Blitz
3
Find the 'City' Movie
4
5x2 Blitz: Bands
5
The Countries of the World
6
Find the Countries of Europe - No Outlines Minefield
7
Find the US States
8
US States
More Geography Quizzes
Trivia Jigsaw: Geography
Published
Trending Quizzes
Colored Red Europe Blitz I
Colored Red Africa Blitz II
Colored Red Europe Blitz II
Colored Red Africa Blitz III
Colored Red Europe Blitz III
Recently Updated
How Do You Spell That?
pecheneg
Godzilla Movies
pecheneg
Grab Bag: 4-10 Letters
pecheneg
2024 March Madness Bracket
pecheneg
Famous TV Couples
Peacemaker
Champions League XIs: Real Madrid
pecheneg
Largest US Cities 1790-2010
pecheneg
Rides in Walt Disney World
pecheneg
Most Oscar Losses (Acting)
pecheneg
Beyoncé Albums
pecheneg
Trending Topics
Anime
NBA
Marvel
Disney
Harry Potter
Crossword
Kpop
NFL
Song
WWE
The Office
Soccer
Pokémon
Country
Puzzle
Your Account Isn't Verified!
In order to create a playlist on Sporcle, you need to verify the email address you used during registration. Go to your
Sporcle Settings
to finish the process.
Report this User
Report this user for behavior that violates our
Community Guidelines
.
Details:
Send Report
Go to the Sporcle.com Mobile Site →
Comments